000 00331nam a2200145Ia 4500
008 200615s9999||||xx |||||||||||||| ||und||
020 _a9788177583168
082 _a650
_bELE-K
100 _aKALAKOTA RAVI
245 0 _aELECTRONIC COMMERCE
250 _a1ST
260 _aNew Delhi
_bPEARSON
_c2018
300 _a429
942 _cBK
999 _c26821
_d26821